THE BUSINESS & TOURISM (Record no. 12982)

MARC details
000 -LEADER
fixed length control field 00324nam a22001457a 4500
003 - CONTROL NUMBER IDENTIFIER
control field SGT
020 ## - INTERNATIONAL STANDARD BOOK NUMBER
International Standard Book Number 978-8-81-207-3118-9
082 ## - DEWEY DECIMAL CLASSIFICATION NUMBER
Classification number 658
Item number T11B
100 ## - MAIN ENTRY--PERSONAL NAME
Personal name BHATIA, A.K.
245 ## - TITLE STATEMENT
Title THE BUSINESS & TOURISM
260 ## - PUBLICATION, DISTRIBUTION, ETC. (IMPRINT)
Place of publication, distribution, etc NEW DELHI
Name of publisher, distributor, etc STERLING PUB
Year of Publication 2011
300 ## - PAGE DESCRIPTION
No. of Pages 414
650 ## - SUBJECT ADDED ENTRY--TOPICAL TERM
Topical term or geographic name as entry element HOTEL MANAGEMENT
942 ## - ADDED ENTRY ELEMENTS (KOHA)
Source of classification or shelving scheme Dewey Decimal Classification
Koha item type Books
Holdings
Withdrawn status Lost status Source of classification or shelving scheme Damaged status Not for loan Collection code Home library Current library Shelving location Date acquired Vendor Name Cost, normal purchase price SGTU Bill Number Total Checkouts Full call number Accession No. (Barcode) Date last seen Date last borrowed Bill Date Koha item type
    Dewey Decimal Classification     HOTEL MANAGEMENT SGT Science & Social Sciences Library SGT Science & Social Sciences Library Text Book 12/08/2017 GIFTED 400.00 SGTU NONE 1 658 T11B HM771 23/10/2019 03/10/2019   Books
    Dewey Decimal Classification     HOTEL MANAGEMENT SGT Science & Social Sciences Library SGT Science & Social Sciences Library Text Book 12/08/2017 GIFTED 400.00 SGTU NONE 1 658 T11B HM772 08/05/2019 04/05/2019   Books